Agents of change: the development and practice of managementconsultancy (Record no. 355608)

000 -LEADER
fixed length control field 00467cam a22001337a 4500
008 - FIXED-LENGTH DATA ELEMENTS--GENERAL INFORMATION
fixed length control field 180718b1982 xxu||||| |||| 00| 0 eng d
082 ## - DEWEY DECIMAL CLASSIFICATION NUMBER
Classification number I582 T524
100 ## - MAIN ENTRY--PERSONAL NAME
Personal name Tisdall, Patricia
245 ## - TITLE STATEMENT
Title Agents of change: the development and practice of managementconsultancy
Statement of responsibility, etc. by Patricia Tisdall
260 ## - PUBLICATION, DISTRIBUTION, ETC.
Place of publication, distribution, etc. London
Name of publisher, distributor, etc. Heinemann
Date of publication, distribution, etc. 1982
300 ## - PHYSICAL DESCRIPTION
Extent 163p.
500 ## - GENERAL NOTE
General note Published in association with the Institute of management consultants
650 ## - SUBJECT ADDED ENTRY--TOPICAL TERM
Topical term or geographic name entry element Consultants - Management
Holdings
Withdrawn status Lost status Damaged status Not for loan Permanent Location Current Location Date acquired Full call number Barcode Date last seen Price effective from Koha item type
        Indian Institute of Public Administration Indian Institute of Public Administration 1993-12-22 I582 T524 59208 2018-07-21 2018-07-21 Book

Powered by Koha